Se va ter Horst: ¿cómo quedamos? (primera parte)

Guardado en:
Bibliografiske detaljer
Format: Texto
Fag:
Tags: Tilføj Tag
Ingen Tags, Vær først til at tagge denne postø!

MARC

LEADER 00000 a a2200000 04500
001 6002
003
040
245 |a Se va ter Horst:   |b ¿cómo quedamos? (primera parte)  
650 |a ONU  
650 |a PAZ  
650 |a DERECHOS HUMANOS  
650 |a INFORMES  
773 |g volumen 16, número 679; páginas 13-14  
999 |c 38827  |d 38827